00580nam a2200193Ia 450000500170000000800410001704000190005804100120007708200160008910000200010524501060012526000340023130000160026550400190028165000220030065100330032270000210035585000100037620230703114045.0131103s9999 xx 000 0 und d aLoreto College aEnglish a944.04bDUM aDumas,Alexander 4aThe flight to Varennes (La Route de Varennes)cAlexander Dumas; translated and edited by A.Craig Bell aLondonbAlston Booksc[19 -?] axiv,144 p.  aIncludes index aFrench Revolution aFrance - History,1789 - 1804 aBell,A.Craig,tr. aLCLIB